| 000 | 00734nam a22002057a 4500 | ||
|---|---|---|---|
| 005 | 20100729132826.0 | ||
| 010 | _aENG-97314 | ||
| 020 |
_a9788184840179 _c1280.00 |
||
| 035 | _aEN-80847 | ||
| 037 | _bDBAD/PUB | ||
| 082 | _a338.954 | ||
| 245 |
_aReforms and structural changes in India / _cedited by Prankrishna Pal |
||
| 260 |
_aNew Delhi _bRegal Publications _c2009 |
||
| 270 |
_aF-159, Rajouri Garden _bNew Delhi _e110027 |
||
| 300 |
_axvi, 367p. _c22cm, (Hb) |
||
| 500 | _aincludes index | ||
| 700 |
_92343 _aPal, Prankrishna |
||
| 942 |
_2ddc _cEN _h338.954 _mREF |
||
| 999 |
_c38164 _d38164 |
||